000 00324nam a22001457a 4500
008 230912b ||||| |||| 00| 0 eng d
020 _a9027720932
041 _aeng
080 _a521
082 _a521PRO
100 _a19
101 _aASTRO
245 _aLIGHT IN EINSTEIN'S UNIVERSE
_cPROKHOVNIK.K.S
942 _2udc
_cBK
999 _c60328
_d60328